| 000 | 02009cam a22004457a 4500 | ||
|---|---|---|---|
| 003 | CHAP | ||
| 005 | 20220329134712.0 | ||
| 008 | 971013s r 00010 d | ||
| 010 | _a24444 | ||
| 011 | _a25416 | ||
| 035 | _a29516 | ||
| 040 | _cCHAP | ||
| 082 |
_a630.72097 _bI5 |
||
| 110 |
_aInstitute of Food and Agricultural Sciences. Gainesville, Fla. Agricultural Experiment Station _959029 |
||
| 245 | 1 | 0 | _aAnnual research report, 19 -19 |
| 260 |
_aGainesville, Fla. : _bInstitute of Food and Agricultural Sciences, _c19 -19 |
||
| 300 | _av. | ||
| 500 | _aLa biblioteca tiene: 1974, 1993-94, 1995, 1996, 1998, 2002, 2006 | ||
| 500 | _aTítulo varía : Annual research report : for the Florida Agricultural Experiment Station, 199? | ||
| 590 |
_aBATCH-UPD _b10 _c20130110 _lUCH01 _h0237 |
||
| 590 |
_aBATCH-UPD _b10 _c20130110 _lUCH01 _h2150 |
||
| 590 |
_aBATCH-UPD _b10 _c20130409 _lUCH01 _h2302 |
||
| 590 |
_aBATCH-UPD _b10 _c20130410 _lUCH01 _h1458 |
||
| 590 |
_aBATCH-UPD _b10 _c20130914 _lUCH01 _h0709 |
||
| 590 |
_aCONVERSION _b10 _c20130109 _lUCH01 _h1314 |
||
| 650 | 1 | 4 |
_aAgricultura _xInvestigacion _zE.U.A. _91699 |
| 650 | 1 | 4 |
_aBosques _xInvestigación _xFlorida. _914294 |
| 650 | 1 | 4 |
_aCítricos _xFlorida. _924432 |
| 650 | 1 | 4 |
_aFruticultura _xInvestigación _xFlorida. _943730 |
| 650 | 1 | 4 |
_aGanadería _xInvestigación _xFlorida. _944780 |
| 901 | _aBK | ||
| 942 | _cLIBRO | ||
| 949 |
_a630.72097 I5 _bBC _cLIBRO _d33724000045480 _eLIBRO _f1974 _h40719 _i29516 _mD _si |
||
| 949 |
_a630.72097 I5 _bBC _cLIBRO _d33724000687661 _eLIBRO _f1995 _h92979 _i29516 _sb |
||
| 949 |
_a630.72097 I5 _bBC _cLIBRO _d33724000696795 _eLIBRO _f1996 _h93577 _i29516 _sb |
||
| 949 |
_a630.72097 I5 _bBC _cLIBRO _d33724000734919 _eLIBRO _f1998 _h95494 _i29516 _st |
||
| 949 |
_a630.72097 I5 _bBC _cLIBRO _d33724000734950 _eLIBRO _f1993-94 _h95493 _i29516 _st |
||
| 949 |
_a630.72097 I5 _bBC _cLIBRO _d33724000910493 _eLIBRO _f2002 _gDonaciØn _h104093 _i29516 _sb |
||
| 949 |
_a630.72097 I5 _bBC _cLIBRO _d33724002036660 _eLIBRO _f2006 _gDonaciØn _h108874 _i29516 _sb |
||
| 999 |
_c24444 _d24444 |
||